000 00464nam a22001697a 4500
005 20210423055609.0
008 210223b1975 ||||| |||| 00| 0 eng d
040 _cDLC
080 _a821.111
_bF-75
100 _91077
_aForster.C.S
245 _aHornblower and the crisis
260 _aLondon
_bPan books
_c1974
300 _a158 p.:
650 0 _9247
_aEnglish literature
653 _aინგლისური ლიტარატურა
942 _2udc
_cBK
999 _c1660
_d1660